000 00248nam a22001217a 4500
008 170930b xxu||||| |||| 00| 0 eng d
041 _aeng
080 _a37
100 _a47
101 _aEDU
245 _aTEAMWORK
_cLARSON, C.E
942 _2udc
_cBK
999 _c30987
_d30987